| 000 | 00731nam a22002657a 4500 | ||
|---|---|---|---|
| 003 | UA-OsUOA | ||
| 001 | 21769 | ||
| 007 | ta | ||
| 008 | 20031213b un ||||| |||| 00| 0 ukr d | ||
| 100 | _aГуревич П.С. | ||
| 090 |
_a008(082.24) _bГ95 |
||
| 942 | _cBK | ||
| 040 |
_aUA-OsUOA _brus _cUA-OsUOA _dUA-OsUOA |
||
| 245 |
_aКультурология _bУчебник для студентов высших учебных заведений |
||
| 300 | _a280 с. | ||
| 955 | _a0 | ||
| 041 | _arus | ||
| 080 | _a008(082.24) | ||
| 020 | _a5-8297-0048-4 | ||
| 260 |
_aМосква _bГардарики _c2000 |
||
| 044 | _aRU | ||
| 250 | _n3-е изд., перераб. и доп. | ||
| 650 | 7 | _2UDC | |
| 999 |
_c307976 _d307976 |
||